A Student's Introduction to English Grammar / (Record no. 14055)
[ view plain ]
| 000 -LEADER | |
|---|---|
| fixed length control field | 00662nam a2200229 a 4500 |
| 001 - CONTROL NUMBER | |
| JCCL Control Number | 14055 |
| 003 - CONTROL NUMBER IDENTIFIER | |
| JCCL marc code | BD-JhCC |
| 005 - DATE AND TIME OF LATEST TRANSACTION | |
| control field | 20240530082839.0 |
| 008 - FIXED-LENGTH DATA ELEMENTS--GENERAL INFORMATION | |
| fixed length control field | 171126s20022022us |||| ||a| 001 0 eng d |
| 035 ## - SYSTEM CONTROL NUMBER | |
| system control number | (BD-JhCC)14055 |
| 040 ## - CATALOGING SOURCE | |
| Original cataloging agency | BD-JhCC |
| Modifying agency | BD-JhCC |
| 041 ## - LANGUAGE CODE | |
| Language code of Book | eng |
| 082 ## - DEWEY DECIMAL CLASSIFICATION NUMBER | |
| Classification number | 425 |
| Author mark and Year | HUD 2022 |
| 100 ## - MAIN ENTRY--PERSONAL NAME | |
| Personal name | Huddleston, Rodney |
| 245 ## - TITLE STATEMENT | |
| Title | A Student's Introduction to English Grammar / |
| Statement of responsibility, etc | Rodney Huddleston, Geoffrey K. Pullum, Brett Reynolds |
| 260 ## - PUBLICATION, DISTRIBUTION, ETC. (IMPRINT) | |
| Place of publication, distribution, etc | London : |
| Name of publisher, distributor, etc | Cambridge University Press, |
| Date of publication, distribution, etc | 2022. |
| 300 ## - PHYSICAL DESCRIPTION | |
| Pagination | 400 p. : |
| Dimensions | 22 cm. |
| 650 ## - SUBJECT ADDED ENTRY--TOPICAL TERM | |
| Topical term or geographic name as entry element | English Grammer |
| 700 ## - ADDED ENTRY--PERSONAL NAME | |
| Personal name | K. Pullum,Geoffrey |
| 700 ## - ADDED ENTRY--PERSONAL NAME | |
| Personal name | Reynolds, Brett |
| 942 ## - ADDED ENTRY ELEMENTS (KOHA) | |
| Source of classification or shelving scheme | Dewey Decimal Classification |
| Koha item type | Books |
| Source of classification or shelving scheme | Damaged status | Not for loan | Home library | Current library | Shelving location | Date of accession | Cost, normal purchase price | Total Checkouts | Full call number | Barcode | Date last seen | Copy number | Method of acquisition | Koha item type | Currency |
|---|---|---|---|---|---|---|---|---|---|---|---|---|---|---|---|
| Dewey Decimal Classification | JCC Rouf Library | JCC Rouf Library | General Stacks | 5040.00 | 425 HUD 2022 | 18524 | 05/30/2024 | C-1 | Purchase | Books | BDT |